| 000 -LEADER |
| fixed length control field |
00719cam a22002414a 4500 |
| 020 ## - INTERNATIONAL STANDARD BOOK NUMBER |
| ISBN |
0415239583 |
| 020 ## - INTERNATIONAL STANDARD BOOK NUMBER |
| ISBN |
0415239591 (pb) |
| 020 ## - INTERNATIONAL STANDARD BOOK NUMBER |
| ISBN |
1841420131 |
| 020 ## - INTERNATIONAL STANDARD BOOK NUMBER |
| ISBN |
1841420123 (pb) |
| 040 ## - CATALOGING SOURCE |
| Transcribing agency |
DLC |
| 082 00 - DEWEY DECIMAL CLASSIFICATION NUMBER |
| Classification number |
333 SPO 2001 A070 Or. |
| 245 00 - TITLE STATEMENT |
| Title |
Methods of environmental impact assessment / |
| 246 30 - VARYING FORM OF TITLE |
| Title proper/short title |
Environmental impact assessment |
| 250 ## - EDITION STATEMENT |
| Edition statement |
2nd ed. |
| 260 ## - PUBLICATION, DISTRIBUTION, ETC. (IMPRINT) |
| Place of publication |
London ; |
| -- |
New York : |
| Name of publisher |
Spon Press, |
| Year of publication |
2001. |
| 300 ## - PHYSICAL DESCRIPTION |
| Number of Pages |
xiv, 492 p. : |
| Other physical details |
ill. ; |
| Dimensions |
24 cm. |
| 650 #0 - SUBJECT ADDED ENTRY--TOPICAL TERM |
| Topical Term |
Environmental impact analysis |
| 650 #0 - SUBJECT ADDED ENTRY--TOPICAL TERM |
| Topical Term |
Environmental impact analysis |
| 700 1# - ADDED ENTRY--PERSONAL NAME |
| Personal name |
Morris, Peter, |
| 700 1# - ADDED ENTRY--PERSONAL NAME |
| Personal name |
Therivel, Riki, |
| 856 42 - ELECTRONIC LOCATION AND ACCESS |
| Uniform Resource Identifier |
http://www.loc.gov/catdir/enhancements/fy0702/00068766-d.html |
| 942 ## - ADDED ENTRY ELEMENTS (KOHA) |
| Koha item type |
សៀវភៅភាសាអង់គ្លេស |
| 952 ## - LOCATION AND ITEM INFORMATION (KOHA) |
| Withdrawn status [LOCAL, KOHA] |
0 |